000 00659nam a2200169Ia 4500
008 090711s9999 xx 000 0 und d
082 _b66819
100 _aशिंदे प्र. श.
245 _aवास्तुस्थारल्य शिल्पाSाा व्यवसाय
260 _c1975
300 _a270
600 _aशिंदे प्र. श.
630 _aवास्तुस्थारल्य शिल्पाSाा व्यवसाय
700 _aशिंदे प्र. श.
730 _aवास्तुस्थारल्य शिल्पाSाा व्यवसाय
942 _cBOOK
999 _c316870
_d316870